<?xml version="1.0" encoding="UTF-8"?>
<collection xmlns="http://www.loc.gov/MARC21/slim">
<record>
  <controlfield tag="001">165221</controlfield>
  <controlfield tag="005">20260418110659.0</controlfield>
  <datafield tag="024" ind1="7" ind2=" ">
    <subfield code="2">doi</subfield>
    <subfield code="a">10.1021/acs.inorgchem.5c03962</subfield>
  </datafield>
  <datafield tag="024" ind1="8" ind2=" ">
    <subfield code="2">sideral</subfield>
    <subfield code="a">146754</subfield>
  </datafield>
  <datafield tag="037" ind1=" " ind2=" ">
    <subfield code="a">ART-2025-146754</subfield>
  </datafield>
  <datafield tag="041" ind1=" " ind2=" ">
    <subfield code="a">eng</subfield>
  </datafield>
  <datafield tag="100" ind1=" " ind2=" ">
    <subfield code="a">García-Abellán, Susana</subfield>
  </datafield>
  <datafield tag="245" ind1=" " ind2=" ">
    <subfield code="a">Hemilability Modulation via Phosphane-Triazole Ligand Design: Impact on Catalytic Formic Acid Dehydrogenation</subfield>
  </datafield>
  <datafield tag="260" ind1=" " ind2=" ">
    <subfield code="c">2025</subfield>
  </datafield>
  <datafield tag="506" ind1="0" ind2=" ">
    <subfield code="a">Access copy available to the general public</subfield>
    <subfield code="f">Unrestricted</subfield>
  </datafield>
  <datafield tag="520" ind1="3" ind2=" ">
    <subfield code="a">Two novel P–N ligands, 1-[2-(diphenylphosphanyl)ethyl]-1H-benzo-1,2,3-triazole (1) and its N2-isomer (2), were synthesized. Reaction of 1 and 2 with [Ir(μ-Cl)(cod)]2 and [Rh(μ-Cl)(cod)]2 in a 2:1 molar ratio followed by AgBF4 led to the formation of square-planar κ2-P,N complexes, Ir-1, Ir-2, Rh-1 and Rh-2. Density functional theory studies provided insights into the electronic structure and bonding of the complexes. Complex Ir-3 was also prepared for comparison, employing ligand 3, 1-[2-(diphenylphosphanyl)methyl]-1H-benzo-1,2,3-triazole. Variable-temperature NMR studies on [IrCl(cod)(P–N)] complexes revealed fluxional behavior attributed to ligand hemilability. Activation Gibbs free energies (ΔG‡) for the isomerization equilibrium of [IrCl(cod)(PN)] complexes featuring ligands 1, 2 and 3 are 10.24, 10.60, and 8.87 kcal·mol–1, respectively. This enabled us to propose a coordination-ability scale that follows the trend 3 > 1 > 2. The relative activities of the iridium complexes were evaluated in the dehydrogenation of formic acid. Under optimized conditions, in an HCOOH/Et3N mixture, the initial TOFs are 186, 828, and 948 h–1 for Ir-1, Ir-2, and Ir-3, respectively. This indicates that Ir-3, bearing the most strongly coordinating ligand, exhibits the highest catalytic activity, reaching a TON value of 444 after 7 h. This study demonstrates the tunability of the hemilability of benzo-1,2,3-triazole-based P–N ligands and their potential for modulating catalytic activity.</subfield>
  </datafield>
  <datafield tag="536" ind1=" " ind2=" ">
    <subfield code="9">info:eu-repo/grantAgreement/ES/DGA/E42-23R</subfield>
    <subfield code="9">info:eu-repo/grantAgreement/ES/MICINN/PID2021-122763NB-I00</subfield>
    <subfield code="9">info:eu-repo/grantAgreement/ES/MICINN/PID2021-126212OB-I00</subfield>
  </datafield>
  <datafield tag="540" ind1=" " ind2=" ">
    <subfield code="9">info:eu-repo/semantics/openAccess</subfield>
    <subfield code="a">by</subfield>
    <subfield code="u">https://creativecommons.org/licenses/by/4.0/deed.es</subfield>
  </datafield>
  <datafield tag="655" ind1=" " ind2="4">
    <subfield code="a">info:eu-repo/semantics/article</subfield>
    <subfield code="v">info:eu-repo/semantics/publishedVersion</subfield>
  </datafield>
  <datafield tag="700" ind1=" " ind2=" ">
    <subfield code="a">Pérez-García, Andrea</subfield>
    <subfield code="u">Universidad de Zaragoza</subfield>
  </datafield>
  <datafield tag="700" ind1=" " ind2=" ">
    <subfield code="a">Barrena-Espés, Daniel</subfield>
  </datafield>
  <datafield tag="700" ind1=" " ind2=" ">
    <subfield code="a">Casado, Miguel A.</subfield>
    <subfield code="u">Universidad de Zaragoza</subfield>
    <subfield code="0">(orcid)0000-0003-1707-3022</subfield>
  </datafield>
  <datafield tag="700" ind1=" " ind2=" ">
    <subfield code="a">Munarriz, Julen</subfield>
    <subfield code="u">Universidad de Zaragoza</subfield>
    <subfield code="0">(orcid)0000-0001-6089-6126</subfield>
  </datafield>
  <datafield tag="700" ind1=" " ind2=" ">
    <subfield code="a">Passarelli, Vincenzo</subfield>
    <subfield code="0">(orcid)0000-0002-1735-6439</subfield>
  </datafield>
  <datafield tag="700" ind1=" " ind2=" ">
    <subfield code="a">Iglesias, Manuel</subfield>
    <subfield code="0">(orcid)0000-0003-3144-5320</subfield>
  </datafield>
  <datafield tag="710" ind1="2" ind2=" ">
    <subfield code="1">2010</subfield>
    <subfield code="2">760</subfield>
    <subfield code="a">Universidad de Zaragoza</subfield>
    <subfield code="b">Dpto. Química Inorgánica</subfield>
    <subfield code="c">Área Química Inorgánica</subfield>
  </datafield>
  <datafield tag="710" ind1="2" ind2=" ">
    <subfield code="1">2012</subfield>
    <subfield code="2">755</subfield>
    <subfield code="a">Universidad de Zaragoza</subfield>
    <subfield code="b">Dpto. Química Física</subfield>
    <subfield code="c">Área Química Física</subfield>
  </datafield>
  <datafield tag="773" ind1=" " ind2=" ">
    <subfield code="g">64, 50 (2025), 24539-24552</subfield>
    <subfield code="p">Inorg. chem.</subfield>
    <subfield code="t">Inorganic Chemistry</subfield>
    <subfield code="x">0020-1669</subfield>
  </datafield>
  <datafield tag="856" ind1="4" ind2=" ">
    <subfield code="s">4525666</subfield>
    <subfield code="u">http://zaguan.unizar.es/record/165221/files/texto_completo.pdf</subfield>
    <subfield code="y">Versión publicada</subfield>
  </datafield>
  <datafield tag="856" ind1="4" ind2=" ">
    <subfield code="s">2938218</subfield>
    <subfield code="u">http://zaguan.unizar.es/record/165221/files/texto_completo.jpg?subformat=icon</subfield>
    <subfield code="x">icon</subfield>
    <subfield code="y">Versión publicada</subfield>
  </datafield>
  <datafield tag="909" ind1="C" ind2="O">
    <subfield code="o">oai:zaguan.unizar.es:165221</subfield>
    <subfield code="p">articulos</subfield>
    <subfield code="p">driver</subfield>
  </datafield>
  <datafield tag="951" ind1=" " ind2=" ">
    <subfield code="a">2026-04-18-11:05:08</subfield>
  </datafield>
  <datafield tag="980" ind1=" " ind2=" ">
    <subfield code="a">ARTICLE</subfield>
  </datafield>
</record>
</collection>